00289pab a2200109 454500008004000000245006700040260000900107300001200116362000900128650002200137773002000159180718b1984 xxu||||| |||| 00| 0 eng d aSpecial issue on budgetary decision - making and public policy c1984 a297-427 aMar. aBudgetary Control aPolicy Sciences